000 01255nam a22003857a 4500
003 OSt
005 20230427125200.0
008 221006b |||||||| |||| 00| 0 eng d
040 _cBiblioteca Lado V
082 _a700
_bO48e
100 _9294
_aOlivares, Rosa
_eeditor
245 _aExit/
260 _bOlivares y Asociados S.L.
_aEspaña
_c2003
300 _c21x26cm
_a168p.
366 _espa
490 _v2003
_a9
505 _tEditorial Donde vive el arte
505 _tEspacios para el arte y la fotografia
505 _tLouise Lawler
505 _tKaren Knorr
505 _tRichard Ross
505 _tMontserrat Soto
505 _tCandida Hofer
505 _tLa imagen-cuadro
505 _tIndice de artistas
650 _2Tesauro de Arte & Arquitectura
_aARTE
_9703
650 _2Tesauro de Arte & Arquitectura
_aEXPOSICIONES
650 _2Tesauro de Arte & Arquitectura
_aCULTURA
650 _2Tesauro de Arte & Arquitectura
_aAPRECIACION
650 _2Tesauro de Arte & Arquitectura
_aTEORIA
650 _2Tesauro de Arte & Arquitectura
_aARQUITECTURA
650 _2Tesauro de Arte & Arquitectura
_aLITERATURA
650 _2Tesauro de Arte & Arquitectura
_aESPAÑA
942 _2ddc
_c1
_h700
_iO48e
_n0
999 _c3497
_d3497